000 01863nam a22002417a 4500
003 AR-RoUNCS
005 20260206112940.0
008 260206s 2008ag ||||| |||| 00| 0 spa d
020 _a978-987-04-0992-2
040 _cAR-RoUNCS
_aAR-RoUNCS
080 _082-32(821)
100 1 _aDe Santis, Pablo,
_d(1963-),
_eautor
245 1 3 _aEl buscador de finales /
_cPablo De Santis.
250 _a2a ed.
260 _aBuenos Aires :
_bAlfaguara,
_c2008.
300 _a151 p. ;
_b22 cm.
490 0 _aSerie roja
505 0 _aUn cajón de manzanas -- La casa de Sanders -- Todo lo que viene después -- ¡Interceptado! -- El fondo de los cajones -- El Palacio de los Botones -- Sanders -- Oficina de objetos perdidos -- Los números especiales -- Paciencia -- Un cuaderno amarillo -- Los objetos perdidos se pierden de verdad -- Preparativos de viaje -- Vulcandria -- Finlandia Sur -- Una pagina rota -- Paseo nocturno -- Siete cucharaditas de azúcar -- La fábrica de disfraces -- La habitación de la caldera -- El radioteatro de la noche -- El regreso -- Correspondencia perdida -- Dos más dos -- Míster Chan-Chan -- Los guantes -- Brum Vs. Paciencia --La decisión de Salerno -- Renglones en blanco.-
520 _aTodas las tarde después de la escuela, Juan Brum se entretiene imitando los dibujos de sus historietas favoritas. Un día, sin decirle nada a su madre, se presenta en la Editorial Libra, que publicaba las historietas de Cormack, su personaje preferido, para buscar trabajo. Allí le ofrecen el puesto de cadete. Sus labores en la curiosa editorial lo llevan hasta los mas recónditos lugares y personajes del edificio, hasta que un día le encargan una misión especial: llevarle un paquete a Sanders. el legendario buscador de finales.
650 7 _aLiteratura argentina
_2embne
655 7 _2embne
_aNovelas juveniles
942 _2udc
_cOG
_n0
999 _c882
_d882